Ciudades (municipios) más poblados de Aragón, España. - Estadísticas

Estadísticas generales
  • Esta prueba ha sido intentada 872 veces
  • La puntuación promedio es 9 de 15
Estadísticas de respuestas
Población Respuesta % Correcto
661.108 Zaragoza
98%
52.282 Huesca
97%
35.564 Teruel
97%
20.191 Calatayud
78%
12.929 Jaca
74%
16.043 Alcañiz
61%
16.961 Barbastro
61%
18.466 Utebo
55%
17.237 Monzón
53%
16.541 Ejea de los Caballeros
49%
10.713 Tarazona
46%
14.925 Fraga
44%
9.938 Caspe
32%
9.694 Binéfar
27%
12.581 Cuarte de Huerva
23%
No se encontraron pruebas coincidentes
Distribución de puntuación
Porcentaje de gente con cada puntuación
Porcentaje por número respondido
Historial de tus puntuaciones
No has intentado esta prueba.